000 01118nam a22002657a 4500
001 8501
003 FISKH
005 20250916102827.0
008 250916b cb ||||| |||| 00| 0 eng d
020 _a9788120733046
040 _aFISKH
_beng
_cFISKH
_dFISKH
050 _aSF517 .W355
082 _a635.0497
100 _aAnonymous
245 _aKnow all about insects /
_cWith characters from the Disney - Pixar
260 _aNew Delhi :
_b Sterling Publishing,
_c2008.
300 _a32 unnumbered pages :
_bcolor illustrations ;
_c28 cm
505 _aR
520 _aDisney's know all about series is an engaging first encyclopedia that provides simple informations, illustrations and real-life photography on topics that not only fascinate children but also prepare them for school. Each topic is introduced by Disney characters with a mix of photos and colourfil realistic illustrations to help children discover interesting facts in an entertaining way.
521 8 _a700
_bLexile estimate
521 8 _aR
_bRaz-Plus
650 _aInsect
_vNon-Fiction
942 _2ddc
_cBK
_n0
999 _c8501
_d8501